00694nam a2200181 i 450000100060000000300090000600500170001500700030003200800410003524501040007626000300018030000220021065000520023271000570028485200320034199900170037395201220039082976ES-MaACL20230906174747.0t|041112s1968 sp ||||1| spa d00aEstadística de Sociedades Mercantiles b: años 1965-66 / cInstituto Nacional de Estadística. aMadrid : b[s.n., c1968] a251 p. ; c27 cm. 4aSociedades-zEspaña-vEstadísticas.91615292 aInstituto Nacional de Estadística (España)95162 aES-MaACLjC-36409 bR.68011 c82976d82976 00104070aATENEOMbATENEOMcDEPO2d2008-01-17eSCl0oC-36409p1086711r2023-02-23 00:00:00w2023-02-23yMONOGRAFIA